Μελέτη βιώσιμων υλικών από αγροτικά απόβλητα : mycofoam και οι εφαρμογές του : διπλωματική εργασία

Ζούμε σε έναν αιώνα που βασίζεται στις συσκευασίες από τεχνητά υλικά. Ως εκ τούτου, οι τεράστιες ποσότητες αποβλήτων που παράγονται προκαλούν μεγάλες επιπτώσεις στη φύση. Εάν η βιωσιμότητα και τα βιώσιμα υλικά χρησιμοποιούνται ως πυλώνας για καινοτόμες λύσεις κατά τη διάρκεια της διαδικασίας σχεδιασ...

Πλήρης περιγραφή

Αποθηκεύτηκε σε:
Λεπτομέρειες βιβλιογραφικής εγγραφής
Κύριος συγγραφέας: Κατσιμήτση, Μαρία
Συγγραφή απο Οργανισμό/Αρχή: Πανεπιστήμιο Αιγαίου. Πολυτεχνική Σχολή. Τμήμα Μηχανικών Σχεδίασης Προϊόντων και Συστημάτων
Μορφή: Thesis Βιβλίο
Γλώσσα:Greek
Δημοσίευση: 2017.
Θέματα:
Διαθέσιμο Online:http://hdl.handle.net/11610/18312
Ετικέτες: Προσθήκη ετικέτας
Δεν υπάρχουν, Καταχωρήστε ετικέτα πρώτοι!

MARC

LEADER 00000cam a2200000 a 4500
001 1/116272
008 180417s2017####gr | ||| |||| ||gre||
040 |a GR-MyUa  |b gre  |c GR-MyUa  |e AACR2 
041 0 |a gre 
082 7 |a 658.564   |2 (23) 
100 1 |a Κατσιμήτση, Μαρία. 
245 1 0 |a Μελέτη βιώσιμων υλικών από αγροτικά απόβλητα :   |b mycofoam και οι εφαρμογές του : διπλωματική εργασία /   |c Κατσιμήτση Μαρία ; επιβλέπων καθηγητής Παπανίκος Παρασκευάς.  
260 |c 2017.  
300 |a 96 σ. :   |b εικ. ;   |c 30 εκ.  
502 |a Πτυχιακή εργασία - Πανεπιστήμιο Αιγαίου, Σύρος, 2017. 
504 |a Βιβλιογραφία: σ. 93-95.  
520 8 |a Ζούμε σε έναν αιώνα που βασίζεται στις συσκευασίες από τεχνητά υλικά. Ως εκ τούτου, οι τεράστιες ποσότητες αποβλήτων που παράγονται προκαλούν μεγάλες επιπτώσεις στη φύση. Εάν η βιωσιμότητα και τα βιώσιμα υλικά χρησιμοποιούνται ως πυλώνας για καινοτόμες λύσεις κατά τη διάρκεια της διαδικασίας σχεδιασμού, υπάρχει η πιθανότητα να λυθούν κρίσιμα ζητήματα που αντιμετωπίζει η ανθρωπότητα σήμερα. Στόχος της παρούσας διπλωματικής εργασίας είναι ο σχεδιασμός μιας συσκευασίας από ένα υλικό φτιαγμένο από γεωργικά απόβλητα, το οποίο πληροί τα κριτήρια των μηδενικών αποβλήτων.  
650 0 |a Sustainable design. 
650 0 |a Packaging  |x Design. 
650 0 |a Agricultural wastes  |x Recycling. 
700 1 |a Παπανίκος, Παρασκευάς,  |e dgs 
710 2 |a Πανεπιστήμιο Αιγαίου.   |b Πολυτεχνική Σχολή.   |b Τμήμα Μηχανικών Σχεδίασης Προϊόντων και Συστημάτων. 
852 |a INST  |b SYROS  |c DIATR  |e 20180417  |h 658.564 ΚΑΤ  |p 005500013330  |q 005500013330  |t DIE  |y 23 
856 |u http://hdl.handle.net/11610/18312 
924 |a Κατσιμήτση  |b Μαρία  |y Σύρος  |z 2017-07 
970 |a Κοντού  |b Παρασκευή  |z 17/04/2018